000 00311pab a2200121 454500
008 180718b xxu||||| |||| 00| 0 eng d
100 _aShukla S.P.
245 _aIndian economy: an alternative view
362 _a36(5), 12 Sept 93, p.7-10
650 _aEconomic Planning -- India
773 _aLink
909 _a25349
999 _c25349
_d25349